[Event "MTO-2021"]
[Site "?"]
[Date "2021.??.??"]
[Round "7.101"]
[White "Eljanov Pavel"]
[Black "Murali Karthikeyan"]
[Result "1/2-1/2"]
[WhiteElo "2671"]
[BlackElo "2606"]
[PlyCount "65"]
[EventDate "2021.??.??"]
[WhiteTeam "Ukraine"]
[BlackTeam "Indien"]
[WhiteTeamCountry "UKR"]
[BlackTeamCountry "IND"]

1. e4 c5 2. Nf3 d6 3. Bb5+ Nd7 4. d4 Ngf6 5. Nc3 cxd4 6. Qxd4 e5 7. Qd3 h6 8.
Be3 Be7 9. Bc4 O-O 10. O-O Nb6 11. Bb3 Be6 12. a4 Rc8 13. Nd2 Bxb3 14. cxb3 d5
15. exd5 Nbxd5 16. Nc4 Bc5 17. Bxc5 Rxc5 18. Rad1 Qb8 19. Rfe1 Nxc3 20. Qxc3 b5
21. Rxe5 bxc4 22. Rxc5 Ne4 23. Qxc4 Nxc5 24. Qxc5 Qxb3 25. Qd4 Rb8 26. Re1 Qxb2
27. Qxa7 Qb4 28. Rd1 Qb3 29. Qd4 Rb4 30. Qd8+ Kh7 31. a5 Ra4 32. h3 Rxa5 33.
Qd3+ 1/2-1/2

[Event "MTO-2021"]
[Site "?"]
[Date "2021.??.??"]
[Round "7.102"]
[White "Banusz Tamas"]
[Black "Erdos Viktor"]
[Result "1/2-1/2"]
[WhiteElo "2631"]
[BlackElo "2614"]
[PlyCount "32"]
[EventDate "2021.??.??"]
[WhiteTeam "Ungarn"]
[BlackTeam "Ungarn"]
[WhiteTeamCountry "HUN"]
[BlackTeamCountry "HUN"]

1. c4 Nf6 2. Nc3 e6 3. d4 d5 4. cxd5 Nxd5 5. Nf3 c5 6. g3 Nc6 7. Bg2 cxd4 8.
Nxd4 Nxc3 9. bxc3 Nxd4 10. Qxd4 Qxd4 11. cxd4 Bb4+ 12. Bd2 Bd6 13. Bf4 Bb4+ 14.
Bd2 Bd6 15. Bf4 Bb4+ 16. Bd2 Bd6 1/2-1/2

[Event "MTO-2021"]
[Site "?"]
[Date "2021.??.??"]
[Round "7.103"]
[White "Kantor Gergely"]
[Black "Ganguly Surya Shekhar"]
[Result "1/2-1/2"]
[WhiteElo "2527"]
[BlackElo "2625"]
[PlyCount "59"]
[EventDate "2021.??.??"]
[WhiteTeam "Ungarn"]
[BlackTeam "Indien"]
[WhiteTeamCountry "HUN"]
[BlackTeamCountry "IND"]

1. d4 Nf6 2. c4 g6 3. Nc3 Bg7 4. e4 d6 5. Be2 O-O 6. h4 c5 7. d5 e6 8. h5 exd5
9. exd5 Re8 10. h6 Bh8 11. Bg5 Qb6 12. b3 Bf5 13. Kf1 Na6 14. Rc1 Ne4 15. Nxe4
Rxe4 16. Rh4 Rxh4 17. Bxh4 Qa5 18. a4 Re8 19. Bd3 Bd7 20. Nf3 Bg4 21. Bg5 Nb4
22. Qd2 Bxf3 23. Re1 Rxe1+ 24. Qxe1 Be5 25. gxf3 Qc7 26. Bb1 Qd7 27. f4 Qh3+
28. Kg1 Qg4+ 29. Kf1 Qh3+ 30. Kg1 1/2-1/2

[Event "MTO-2021"]
[Site "?"]
[Date "2021.??.??"]
[Round "7.105"]
[White "Sethuraman S.P."]
[Black "Sadhwani Raunak"]
[Result "1/2-1/2"]
[WhiteElo "2644"]
[BlackElo "2555"]
[PlyCount "142"]
[EventDate "2021.??.??"]
[WhiteTeam "Indien"]
[BlackTeam "Indien"]
[WhiteTeamCountry "IND"]
[BlackTeamCountry "IND"]

1. d4 Nf6 2. c4 e6 3. Nf3 d5 4. Nc3 a6 5. cxd5 exd5 6. Bg5 Be6 7. e3 Nbd7 8. h3
Bd6 9. Bd3 c6 10. Bf4 Qc7 11. Qd2 O-O 12. O-O Nh5 13. Bxd6 Qxd6 14. Na4 Nhf6
15. Qc2 a5 16. a3 b6 17. Rfc1 Rfc8 18. Ne5 g6 19. f4 c5 20. Nc3 cxd4 21. exd4
Ne4 22. Bxe4 dxe4 23. Qxe4 Nf6 24. Qe3 Nd5 25. Nb5 Nxe3 26. Nxd6 Rd8 27. Nb5
Nd5 28. Nc6 Rdc8 29. Kf2 Bd7 30. Nca7 Rxc1 31. Rxc1 Nxf4 32. Rc7 Be6 33. Nc3
Kf8 34. Kg3 Nd5 35. Nxd5 Bxd5 36. Nc8 Be6 37. Nxb6 Rd8 38. Rc5 Rxd4 39. Rxa5
Rd3+ 40. Kh2 h5 41. b4 h4 42. a4 Rb3 43. Rb5 Rb2 44. a5 Ra2 45. Nd5 Bf5 46. Nc3
Rc2 47. Rc5 Bd3 48. Kg1 g5 49. Nd1 Rxc5 50. bxc5 Ke7 51. Nf2 Bb5 52. Ne4 f6 53.
Nc3 Bc6 54. a6 Ke6 55. a7 Ke5 56. Na4 Kd4 57. Kf2 f5 58. Nb6 Kxc5 59. Nd7+ Kd6
60. Nb6 Kc5 61. a8=Q Bxa8 62. Nxa8 Kc6 63. Ke3 Kb7 64. Kd4 Kxa8 65. Ke5 g4 66.
Kxf5 gxh3 67. gxh3 Kb7 68. Kg5 Kc7 69. Kxh4 Kd7 70. Kg5 Ke7 71. Kg6 Kf8 1/2-1/2

[Event "MTO-2021"]
[Site "?"]
[Date "2021.??.??"]
[Round "7.106"]
[White "Chigaev Maksim"]
[Black "Korpa Bence"]
[Result "1-0"]
[WhiteElo "2630"]
[BlackElo "2536"]
[PlyCount "105"]
[EventDate "2021.??.??"]
[WhiteTeam "Russland"]
[BlackTeam "Ungarn"]
[WhiteTeamCountry "RUS"]
[BlackTeamCountry "HUN"]

1. e4 c6 2. d4 d5 3. f3 g6 4. Nc3 Bg7 5. e5 Qb6 6. Na4 Qa5+ 7. c3 Nd7 8. b4 Qc7
9. Be3 f6 10. f4 Nh6 11. Nf3 a5 12. b5 O-O 13. bxc6 bxc6 14. Bd3 fxe5 15. fxe5
Ng4 16. Bd2 Ndxe5 17. dxe5 Nxe5 18. Nxe5 Bxe5 19. Qe2 Bg3+ 20. Kd1 Bd6 21. Rb1
e5 22. Nb6 e4 23. Nxa8 exd3 24. Nxc7 dxe2+ 25. Kxe2 Bxc7 26. Be3 Ba6+ 27. Kd2
a4 28. g3 Bb5 29. Rhe1 Rf5 30. Bc5 Be5 31. g4 Bf4+ 32. Kc2 Rf7 33. Re8+ Kg7 34.
Rbe1 Bg5 35. R1e5 Bf6 36. Re3 Bc4 37. Kb2 Kh6 38. Rf3 d4 39. Rh3+ Kg5 40. cxd4
Rb7+ 41. Ka3 Kxg4 42. Rg3+ Kh5 43. Ra8 Bb5 44. Ra7 Rxa7 45. Bxa7 Be7+ 46. Bc5
Bxc5+ 47. dxc5 g5 48. Rg2 Kg6 49. Rb2 Kf5 50. Kb4 h5 51. Ka5 Bd3 52. Kxa4 g4
53. Ka5 1-0

[Event "MTO-2021"]
[Site "?"]
[Date "2021.??.??"]
[Round "7.107"]
[White "R Praggnanandhaa"]
[Black "NR Visakh"]
[Result "1-0"]
[WhiteElo "2608"]
[BlackElo "2516"]
[PlyCount "63"]
[EventDate "2021.??.??"]
[WhiteTeam "Indien"]
[BlackTeam "Indien"]
[WhiteTeamCountry "IND"]
[BlackTeamCountry "IND"]

1. e4 c5 2. c3 Nf6 3. e5 Nd5 4. Nf3 d6 5. exd6 e6 6. g3 Bxd6 7. Bg2 Nc6 8. O-O
O-O 9. d4 cxd4 10. Nxd4 Nxd4 11. Qxd4 Qc7 12. c4 Nb6 13. Nc3 Nxc4 14. Rd1 Be7
15. b3 Bf6 16. Qxc4 Qxc4 17. bxc4 Bxc3 18. Rb1 a5 19. Rb5 Bf6 20. Ba3 Re8 21.
c5 Rd8 22. Rxd8+ Bxd8 23. Bxb7 Bxb7 24. Rxb7 Rc8 25. Kf1 Kf8 26. Ke2 Ke8 27.
Kd3 Bc7 28. Kc4 Kd7 29. Kb5 Re8 30. c6+ Kc8 31. Bc5 Rd8 32. Rxc7+ 1-0

[Event "MTO-2021"]
[Site "?"]
[Date "2021.??.??"]
[Round "7.108"]
[White "Valsecchi Alessio"]
[Black "Gukesh Dommaraju"]
[Result "0-1"]
[WhiteElo "2527"]
[BlackElo "2578"]
[PlyCount "78"]
[EventDate "2021.??.??"]
[WhiteTeam "Italien"]
[BlackTeam "Indien"]
[WhiteTeamCountry "ITA"]
[BlackTeamCountry "IND"]

1. e4 c6 2. d4 d5 3. f3 e6 4. Nc3 c5 5. exd5 exd5 6. Bb5+ Nc6 7. dxc5 Be6 8.
Be3 Nge7 9. Nge2 Nf5 10. Bf2 Qg5 11. Qd3 Qxg2 12. Rg1 Qxh2 13. Nxd5 Rd8 14. c4
Be7 15. Rg4 O-O 16. O-O-O Qxf2 17. Bxc6 Qxc5 18. Bxb7 h5 19. Re4 Bg5+ 20. f4
Bxd5 21. Bxd5 Bf6 22. Nc3 Ne7 23. Qe2 g6 24. Kb1 Rb8 25. Re5 Qc7 26. Re3 Nf5
27. Red3 Rb6 28. Qe4 Qb8 29. b3 Rxb3+ 30. axb3 Qxb3+ 31. Kc1 Bxc3 32. R1d2 Rb8
33. Bxf7+ Kg7 34. Rd7 Qa3+ 35. Kd1 Qa1+ 36. Ke2 Ng3+ 37. Kf3 Nxe4 38. Rd1 Qxd1+
39. Rxd1 Nd2+ 0-1

[Event "MTO-2021"]
[Site "?"]
[Date "2021.??.??"]
[Round "7.109"]
[White "Kalyan Arjun"]
[Black "Wagner Dennis"]
[Result "1/2-1/2"]
[WhiteElo "2503"]
[BlackElo "2572"]
[PlyCount "90"]
[EventDate "2021.??.??"]
[WhiteTeam "Indien"]
[BlackTeam "Deutschland"]
[WhiteTeamCountry "IND"]
[BlackTeamCountry "GER"]

1. e4 e5 2. Nf3 Nc6 3. Bc4 Nf6 4. d3 Bc5 5. c3 d6 6. Bg5 h6 7. Bh4 a6 8. Nbd2
Ba7 9. a4 Qe7 10. O-O Be6 11. b4 O-O 12. Re1 Bxc4 13. Nxc4 Qe6 14. Ncd2 Ne7 15.
d4 Ng6 16. Bg3 Rfe8 17. b5 axb5 18. axb5 Bb6 19. Ra4 Ra5 20. Rxa5 Bxa5 21. Qc2
Nh5 22. dxe5 dxe5 23. Nb3 b6 24. Nxa5 bxa5 25. c4 Rd8 26. c5 Nhf4 27. Rb1 a4
28. b6 cxb6 29. cxb6 Rc8 30. Qb2 Qc6 31. b7 Rb8 32. Nd2 Kh7 33. Bxf4 exf4 34.
h3 a3 35. Qxa3 Rxb7 36. Rxb7 Qxb7 37. Qc3 Qb5 38. Nf3 Qb1+ 39. Qe1 Qxe1+ 40.
Nxe1 Ne5 41. Kf1 g5 42. Ke2 Kg6 43. Nf3 Kf6 44. Nxe5 Kxe5 45. Kd3 f6 1/2-1/2

[Event "MTO-2021"]
[Site "?"]
[Date "2021.??.??"]
[Round "7.110"]
[White "Raja Harshit"]
[Black "Donchenko Alexander"]
[Result "1/2-1/2"]
[WhiteElo "2484"]
[BlackElo "2652"]
[PlyCount "36"]
[EventDate "2021.??.??"]
[WhiteTeam "Indien"]
[BlackTeam "Deutschland"]
[WhiteTeamCountry "IND"]
[BlackTeamCountry "GER"]

1. e4 e5 2. Nf3 Nc6 3. Bb5 a6 4. Ba4 Nf6 5. O-O Bc5 6. c3 b5 7. Bc2 d5 8. d4
dxe4 9. Nxe5 Nxe5 10. dxe5 Qxd1 11. Rxd1 Ng4 12. Bxe4 Nxf2 13. Bc6+ Ke7 14. Rd5
Bb6 15. Bxa8 Nd3+ 16. Kh1 Nf2+ 17. Kg1 Nd3+ 18. Kh1 Nf2+ 1/2-1/2

[Event "MTO-2021"]
[Site "?"]
[Date "2021.??.??"]
[Round "7.111"]
[White "Narayanan S.L."]
[Black "Budisavljevic Luka"]
[Result "1/2-1/2"]
[WhiteElo "2624"]
[BlackElo "2509"]
[PlyCount "121"]
[EventDate "2021.??.??"]
[WhiteTeam "Indien"]
[BlackTeam "Serbien"]
[WhiteTeamCountry "IND"]
[BlackTeamCountry "SRB"]

1. e4 c5 2. Nf3 e6 3. d4 cxd4 4. Nxd4 Nc6 5. Nc3 Qc7 6. Be3 a6 7. Bd3 Nf6 8.
Qe2 Be7 9. O-O O-O 10. f4 d6 11. Kh1 Bd7 12. Nf3 Rad8 13. Na4 Qb8 14. Bb6 Rde8
15. a3 e5 16. fxe5 Nxe5 17. Nxe5 Bxa4 18. Ng4 Nxg4 19. Qxg4 Qc8 20. Qg3 Qe6 21.
Bd4 Qg6 22. Qh3 Bc6 23. Rae1 Qg5 24. Re3 Qh4 25. Qf5 g6 26. Qa5 Bd8 27. Qc3
Bxe4 28. Bxe4 Rxe4 29. Rxe4 Qxe4 30. Re1 Qc6 31. Qe3 Qd5 32. Bc3 Bg5 33. Qf2
Qc5 34. Qf3 Qc6 35. Qg4 Qc5 36. Bb4 h5 37. Qe4 Qc6 38. Qxc6 bxc6 39. Bxd6 Rd8
40. Bb4 Bf6 41. b3 h4 42. Kg1 Rd5 43. Re4 Bd4+ 44. Kf1 c5 45. Be1 g5 46. c3 Bf6
47. Ke2 Kg7 48. h3 Rd6 49. Bd2 Kg6 50. b4 Kf5 51. Rc4 cxb4 52. axb4 Re6+ 53.
Be3 Bd8 54. Kf3 Bb6 55. Bxb6 Rxb6 56. Rc5+ Kg6 57. Ke3 f5 58. Rc8 Re6+ 59. Kf3
Rb6 60. Ke3 Re6+ 61. Kf3 1/2-1/2

[Event "MTO-2021"]
[Site "?"]
[Date "2021.??.??"]
[Round "7.112"]
[White "Fedorchuk Sergey"]
[Black "Unuk Laura"]
[Result "1-0"]
[WhiteElo "2598"]
[BlackElo "2407"]
[PlyCount "83"]
[EventDate "2021.??.??"]
[WhiteTeam "Ukraine"]
[BlackTeam "Slowenien"]
[WhiteTeamCountry "UKR"]
[BlackTeamCountry "SLO"]

1. e4 c6 2. d4 d5 3. Nc3 dxe4 4. Nxe4 Bf5 5. Ng3 Bg6 6. Nh3 Nf6 7. c3 e6 8. Nf4
Bd6 9. h4 Qc7 10. Qf3 Nbd7 11. h5 Bc2 12. h6 gxh6 13. Bd3 Bxd3 14. Nxd3 Rg8 15.
Nh5 Ng4 16. Bd2 O-O-O 17. Qxf7 Qa5 18. Qxh7 Ndf6 19. Nxf6 Nxf6 20. Qxh6 Qf5 21.
Qh3 Qe4+ 22. Qe3 Rxg2 23. Qxe4 Nxe4 24. Be3 Nf6 25. Ke2 Nd5 26. Rag1 Rdg8 27.
Rxg2 Rxg2 28. Rh8+ Kc7 29. Rh7+ Kc8 30. Bd2 Rg1 31. c4 Nf6 32. Rh6 Be7 33. Bf4
Kd7 34. Be5 Ne8 35. Rh7 Kd8 36. Nc5 b6 37. Nxe6+ Kd7 38. Nf4 Kd8 39. Nd3 a5 40.
Rh6 c5 41. Rxb6 cxd4 42. Ra6 1-0

[Event "MTO-2021"]
[Site "?"]
[Date "2021.??.??"]
[Round "7.113"]
[White "Vaishali R"]
[Black "Yuffa Daniil"]
[Result "1-0"]
[WhiteElo "2393"]
[BlackElo "2578"]
[PlyCount "71"]
[EventDate "2021.??.??"]
[WhiteTeam "Indien"]
[BlackTeam "Russland"]
[WhiteTeamCountry "IND"]
[BlackTeamCountry "RUS"]

1. e4 Nf6 2. e5 Nd5 3. d4 d6 4. c4 Nb6 5. f4 dxe5 6. fxe5 Nc6 7. Be3 Bf5 8. Nc3
e6 9. Nf3 Bb4 10. Bd3 Bg4 11. a3 Be7 12. Rf1 Rf8 13. Ne2 Bxf3 14. gxf3 Bh4+ 15.
Ng3 Nxd4 16. c5 Nf5 17. cxb6 Nxe3 18. bxc7 Qd4 19. Qb3 Ke7 20. Rf2 Rfc8 21. Rc1
a5 22. Be4 Bxg3 23. hxg3 Ng4 24. Re2 Nxe5 25. Kf1 Ra7 26. Bxb7 a4 27. Qb5 Nxf3
28. Kg2 Nh4+ 29. Kh1 Nf5 30. Bxc8 Nxg3+ 31. Kh2 Nxe2 32. Qg5+ Kd6 33. Qd8+ Ke5
34. Qxd4+ Kxd4 35. Rd1+ Kc5 36. Bb7 1-0

[Event "MTO-2021"]
[Site "?"]
[Date "2021.??.??"]
[Round "7.114"]
[White "NR Vignesh"]
[Black "Dragnev Valentin"]
[Result "1-0"]
[WhiteElo "2428"]
[BlackElo "2569"]
[PlyCount "75"]
[EventDate "2021.??.??"]
[WhiteTeam "Indien"]
[BlackTeam "Österreich"]
[WhiteTeamCountry "IND"]
[BlackTeamCountry "AUT"]

1. Nf3 d5 2. g3 Nd7 3. d4 Nb6 4. Nc3 Bf5 5. Nh4 e6 6. a4 a5 7. Nxf5 exf5 8. Qd3
g6 9. Bg2 h5 10. h4 Bh6 11. Bxh6 Nxh6 12. e3 c6 13. Ne2 Qe7 14. b3 Qb4+ 15. Kf1
Ng4 16. Nf4 Kf8 17. Ke2 Nf6 18. Rhc1 Qe7 19. c4 Kg7 20. cxd5 Nbxd5 21. Bxd5
Nxd5 22. Nxd5 cxd5 23. Rc5 f4 24. gxf4 Qxh4 25. Rg1 Qf6 26. Rxd5 h4 27. Rf5 Qd6
28. Qc4 Raf8 29. Qc5 Qd7 30. Rfg5 Rh6 31. f5 Rc8 32. Qe5+ Kh7 33. Qe4 Re8 34.
Qg4 Qc6 35. fxg6+ fxg6 36. Rc5 Qa6+ 37. Rb5 Qc6 38. Rc1 1-0

[Event "MTO-2021"]
[Site "?"]
[Date "2021.??.??"]
[Round "7.116"]
[White "Eric Jovana"]
[Black "Puranik Abhimanyu"]
[Result "0-1"]
[WhiteElo "2250"]
[BlackElo "2589"]
[PlyCount "54"]
[EventDate "2021.??.??"]
[WhiteTeam "Serbien"]
[BlackTeam "Indien"]
[WhiteTeamCountry "SRB"]
[BlackTeamCountry "IND"]

1. e4 e5 2. Nf3 Nc6 3. Nc3 Nf6 4. d4 exd4 5. Nxd4 Bc5 6. Be3 Bb4 7. Nxc6 bxc6
8. Qd4 Qe7 9. O-O-O O-O 10. e5 Bxc3 11. Qxc3 Nd5 12. Qd4 Nxe3 13. Qxe3 Re8 14.
f4 d5 15. Bd3 Rb8 16. a3 c5 17. Rhe1 c4 18. Bf1 c6 19. Qc3 Be6 20. g3 Rb6 21.
Bg2 Reb8 22. Rf1 Bf5 23. Bf3 Rxb2 24. Qxb2 Rxb2 25. Kxb2 c3+ 26. Kxc3 Qxa3+ 27.
Kd2 d4 0-1

[Event "MTO-2021"]
[Site "?"]
[Date "2021.??.??"]
[Round "7.117"]
[White "Dordzhieva Dinara"]
[Black "Gschnitzer Adrian"]
[Result "1/2-1/2"]
[WhiteElo "2311"]
[BlackElo "2420"]
[PlyCount "45"]
[EventDate "2021.??.??"]
[WhiteTeam "Russland"]
[BlackTeam "Deutschland"]
[WhiteTeamCountry "RUS"]
[BlackTeamCountry "GER"]

1. d4 Nf6 2. Nf3 d5 3. c4 e6 4. g3 Be7 5. Bg2 O-O 6. O-O dxc4 7. Qc2 a6 8. a4
Bd7 9. Qxc4 Bc6 10. Bg5 Bd5 11. Qc2 Be4 12. Qc1 h6 13. Bxf6 Bxf6 14. Nbd2 Bh7
15. Qc3 Nd7 16. b4 Rc8 17. Qb3 a5 18. Rac1 axb4 19. Qxb4 b6 20. Rfd1 c5 21.
dxc5 Rxc5 22. Ne4 Bxe4 23. Qxe4 1/2-1/2

[Event "MTO-2021"]
[Site "?"]
[Date "2021.??.??"]
[Round "7.118"]
[White "Löffler Markus"]
[Black "Bänziger Fabian"]
[Result "0-1"]
[WhiteElo "2295"]
[BlackElo "2392"]
[PlyCount "60"]
[EventDate "2021.??.??"]
[WhiteTeam "Deutschland"]
[BlackTeam "Schweiz"]
[WhiteTeamCountry "GER"]
[BlackTeamCountry "SUI"]

1. e4 c5 2. Nf3 d6 3. d4 cxd4 4. Nxd4 Nf6 5. Nc3 a6 6. h3 e5 7. Nde2 h5 8. Bg5
Be6 9. Bxf6 Qxf6 10. Nd5 Qd8 11. Qd3 Nd7 12. O-O-O g6 13. Kb1 Nc5 14. Qa3 Bg7
15. h4 b5 16. f3 a5 17. Nc1 b4 18. Qe3 Bh6 19. Bb5+ Kf8 20. Qe2 Kg7 21. Nd3 Rc8
22. Nf2 Bxd5 23. Rxd5 Ne6 24. g3 Qb6 25. Bd7 Rc7 26. Bxe6 fxe6 27. Rdd1 a4 28.
Rh2 b3 29. axb3 axb3 30. cxb3 Ra8 0-1

[Event "MTO-2021"]
[Site "?"]
[Date "2021.??.??"]
[Round "7.119"]
[White "Haimovich Tal"]
[Black "Doluhanova Evgeniya"]
[Result "1/2-1/2"]
[WhiteElo "2388"]
[BlackElo "2179"]
[PlyCount "159"]
[EventDate "2021.??.??"]
[WhiteTeam "Israel"]
[BlackTeam "Ukraine"]
[WhiteTeamCountry "ISR"]
[BlackTeamCountry "UKR"]

1. e4 e5 2. Nf3 Nc6 3. Bb5 Nf6 4. O-O Nxe4 5. d4 Nd6 6. Bxc6 dxc6 7. dxe5 Nf5
8. Qxd8+ Kxd8 9. Rd1+ Ke8 10. Nc3 Be7 11. Bg5 h5 12. Ne2 Nh6 13. h3 Bf5 14.
Bxe7 Kxe7 15. c3 Rad8 16. Nf4 g6 17. Kf1 Rhe8 18. Rxd8 Rxd8 19. Ke2 Be6 20. Ng5
Bc4+ 21. Ke1 Re8 22. b3 Kf8 23. e6 Bd5 24. c4 Bxe6 25. Ngxe6+ fxe6 26. Nxg6+
Kf7 27. Ne5+ Kf6 28. Nd3 h4 29. Rd1 Rg8 30. Kf1 Rd8 31. Ke2 Rg8 32. Ne1 Ke7 33.
Rd4 Nf5 34. Rg4 Rh8 35. Nf3 Kf6 36. Nd4 c5 37. Nf3 b6 38. Re4 a5 39. Kd3 a4 40.
Kc3 axb3 41. axb3 Rg8 42. Rg4 Rh8 43. Rf4 Rh7 44. Nh2 Ke7 45. Ng4 Nd4 46. Kb2
c6 47. Re4 Rf7 48. Re5 Kd6 49. Rh5 Nf5 50. Rh8 b5 51. Rd8+ Kc7 52. Ra8 Nd6 53.
Rh8 bxc4 54. bxc4 Nxc4+ 55. Kc3 Nd6 56. Rxh4 Ne4+ 57. Kc4 Nxf2 58. Nxf2 Rxf2
59. Rg4 Kd6 60. h4 Rf5 61. g3 Ke7 62. Kd3 Kf6 63. Ke3 Re5+ 64. Kf3 Rd5 65. Rc4
Kg6 66. Ra4 Rf5+ 67. Kg2 Rd5 68. Rc4 Kh6 69. Re4 e5 70. Kh3 Kg6 71. Rc4 Kh6 72.
Rc2 Kh5 73. Rc3 Kh6 74. Kg2 e4 75. Rc4 Re5 76. Kf2 Rf5+ 77. Kg2 Re5 78. Rc2 Kh5
79. Kf2 Rf5+ 80. Ke3 1/2-1/2

[Event "MTO-2021"]
[Site "?"]
[Date "2021.??.??"]
[Round "7.120"]
[White "Seul Georg"]
[Black "Blagojevic Tijana"]
[Result "1/2-1/2"]
[WhiteElo "2372"]
[BlackElo "2222"]
[PlyCount "127"]
[EventDate "2021.??.??"]
[WhiteTeam "Deutschland"]
[BlackTeam "Serbien"]
[WhiteTeamCountry "GER"]
[BlackTeamCountry "SRB"]

1. e4 c5 2. Nf3 d6 3. Bb5+ Nd7 4. c3 Ngf6 5. Bd3 e6 6. Bc2 a6 7. d4 b5 8. O-O
Bb7 9. Qe2 Be7 10. Rd1 Qc7 11. e5 dxe5 12. dxe5 Nd5 13. a4 g5 14. axb5 g4 15.
Ne1 Qxe5 16. Qxg4 h5 17. Qe4 axb5 18. Rxa8+ Bxa8 19. Qxe5 Nxe5 20. Nd2 Rg8 21.
Kf1 f6 22. Ndf3 Nc4 23. Bd3 Nd6 24. Be2 Kf7 25. Nh4 Rh8 26. Nd3 c4 27. Nf4 Nxf4
28. Bxf4 e5 29. Be3 Bc6 30. g3 Be4 31. Ra1 Nf5 32. Nxf5 Bxf5 33. Ra7 Ke6 34.
Rb7 Ra8 35. Rxb5 Ra1+ 36. Kg2 Be4+ 37. Bf3 Bxf3+ 38. Kxf3 Rh1 39. Bc5 Bd8 40.
Rb8 Ba5 41. Bb6 Bxb6 42. Rxb6+ Kf5 43. Rb4 Rb1 44. h3 Ke6 45. Rxc4 Rxb2 46.
Rc6+ Kf5 47. Ke3 Rc2 48. Rc4 Kg5 49. Rc7 h4 50. Rc4 hxg3 51. fxg3 f5 52. h4+
Kh5 53. Rc8 Kg6 54. Rc6+ Kh5 55. Rc8 Kg6 56. c4 Rc3+ 57. Kf2 Rc2+ 58. Ke3 Rc3+
59. Kd2 Ra3 60. Ke2 Ra2+ 61. Ke3 Ra3+ 62. Kf2 Ra2+ 63. Kf3 Ra3+ 64. Kf2 1/2-1/2

[Event "MTO-2021"]
[Site "?"]
[Date "2021.??.??"]
[Round "7.122"]
[White "Papadiamandis Elliot"]
[Black "Al Hosani Omran"]
[Result "1-0"]
[WhiteElo "2363"]
[BlackElo "2197"]
[PlyCount "91"]
[EventDate "2021.??.??"]
[WhiteTeam "Frankreich"]
[BlackTeam "Vereinigte Arabische Emirate"]
[WhiteTeamCountry "FRA"]
[BlackTeamCountry "UAE"]

1. e4 c5 2. Nf3 d6 3. d4 cxd4 4. Nxd4 Nf6 5. Nc3 a6 6. Bg5 Nbd7 7. Qe2 Qa5 8.
Bd2 Qb6 9. Nb3 e6 10. g4 h6 11. Bg2 Qc7 12. f4 g6 13. O-O-O Rb8 14. Rhe1 Be7
15. Kb1 Nb6 16. e5 dxe5 17. fxe5 Nfd7 18. Bf4 Bb4 19. Ne4 Bxe1 20. Nd6+ Kf8 21.
Qxe1 Nc4 22. Qh4 Kg7 23. Rf1 Nxd6 24. exd6 Qb6 25. Be5+ Nxe5 26. Qf6+ Kh7 27.
Qxe5 Rf8 28. Nd2 f6 29. Rxf6 Qg1+ 30. Bf1 Bd7 31. h3 Rxf6 32. Qxf6 Qg3 33. Qf7+
Kh8 34. Qf6+ Kh7 35. Qe7+ Kg8 36. c3 Rf8 37. Qxd7 Qe1+ 38. Kc2 Rf2 39. Qc8+ Kg7
40. Qxb7+ Kg8 41. Qa8+ Kg7 42. Qa7+ Kf6 43. Qd4+ e5 44. d7 exd4 45. d8=Q+ Kf7
46. Bc4+ 1-0

[Event "MTO-2021"]
[Site "?"]
[Date "2021.??.??"]
[Round "7.123"]
[White "Chithambaram Aravindh"]
[Black "Stelmaszyk Nico"]
[Result "1/2-1/2"]
[WhiteElo "2641"]
[BlackElo "2296"]
[PlyCount "94"]
[EventDate "2021.??.??"]
[WhiteTeam "Indien"]
[BlackTeam "Deutschland"]
[WhiteTeamCountry "IND"]
[BlackTeamCountry "GER"]

1. c4 c5 2. g3 Nc6 3. Bg2 e6 4. Nf3 d5 5. cxd5 exd5 6. d4 c4 7. Nc3 Bb4 8. O-O
Nge7 9. Ne5 O-O 10. Nxc6 bxc6 11. e4 Be6 12. Qc2 Rb8 13. Bf4 Rb7 14. Na4 dxe4
15. Bxe4 f5 16. Bg2 Nd5 17. Be5 Qc8 18. a3 Be7 19. Rfe1 f4 20. Be4 h6 21. Bh7+
Kh8 22. Bxg7+ Kxg7 23. Qg6+ Kh8 24. Rxe6 Bf6 25. Rae1 fxg3 26. hxg3 Rg7 27. Re8
Rxg6 28. Rxc8 Rxg3+ 29. fxg3 Bxd4+ 30. Kh2 Rxc8 31. Bf5 Rf8 32. Bd7 c5 33. Re6
Rf6 34. Rxf6 Bxf6 35. Kg2 Nb6 36. Nxb6 axb6 37. Bb5 Bxb2 38. Bxc4 Bxa3 39. g4
Kg7 40. Kf3 Kf6 41. Ke4 Kg5 42. Kf3 Bc1 43. Ba6 h5 44. gxh5 Kf5 45. Ke2 Ke4 46.
Kd1 Bh6 47. Kc2 Ke5 1/2-1/2

[Event "MTO-2021"]
[Site "?"]
[Date "2021.??.??"]
[Round "7.124"]
[White "Fecker Noah"]
[Black "Shchekachev Andrei"]
[Result "0-1"]
[WhiteElo "2309"]
[BlackElo "2515"]
[PlyCount "114"]
[EventDate "2021.??.??"]
[WhiteTeam "Schweiz"]
[BlackTeam "Frankreich"]
[WhiteTeamCountry "SUI"]
[BlackTeamCountry "FRA"]

1. e4 c5 2. Nf3 e6 3. d4 cxd4 4. Nxd4 Nc6 5. Nc3 d6 6. Be3 Nf6 7. Be2 Be7 8.
O-O Bd7 9. f4 Nxd4 10. Bxd4 Bc6 11. Bf3 O-O 12. Qe1 Nd7 13. Rd1 Qc7 14. Kh1
Rac8 15. Rf2 Rfe8 16. Rfd2 a6 17. Qg3 Bf8 18. Be3 Rcd8 19. Qf2 b5 20. a3 Be7
21. Bd4 Rb8 22. f5 e5 23. Be3 b4 24. axb4 Rxb4 25. b3 Nf6 26. Bg5 Nxe4 27. Nxe4
Bxe4 28. Bxe7 Qxe7 29. Rxd6 Bxf3 30. Qxf3 Rf4 31. Qe2 Rxf5 32. Rxa6 Qc5 33. Qe4
g6 34. Qc6 Qf8 35. c4 e4 36. Ra2 e3 37. Re2 Rf2 38. Rde1 Re6 39. Qa4 Rxe2 40.
Rxe2 Qd8 41. Qa1 Qd3 42. Qe1 Qxb3 43. h3 Qa3 44. Kh2 h5 45. Qd1 Qc3 46. Qd5 Kg7
47. Kg3 Qf6 48. Qf3 h4+ 49. Kh2 Qd4 50. Qg4 Re4 51. Qf3 f5 52. Kh1 Qxc4 53. Kh2
Qd4 54. Kh1 Kh6 55. Kh2 Qe5+ 56. Kh1 Kg5 57. Kg1 Qf4 0-1

[Event "MTO-2021"]
[Site "?"]
[Date "2021.??.??"]
[Round "7.125"]
[White "Ammar Sedrani"]
[Black "J Sai Agni Jeevitesh"]
[Result "0-1"]
[WhiteElo "2274"]
[BlackElo "2322"]
[PlyCount "194"]
[EventDate "2021.??.??"]
[WhiteTeam "Vereinigte Arabische Emirate"]
[BlackTeam "Indien"]
[WhiteTeamCountry "UAE"]
[BlackTeamCountry "IND"]

1. d4 d5 2. Nf3 Nf6 3. Bf4 c5 4. e3 Nc6 5. Nc3 Bg4 6. dxc5 e6 7. Nb5 e5 8. Bg5
Be6 9. Bxf6 gxf6 10. Nd6+ Bxd6 11. cxd6 Qxd6 12. c3 Rg8 13. h3 O-O-O 14. Qa4
Qc5 15. O-O-O Kb8 16. Kb1 f5 17. g3 f4 18. gxf4 Bf5+ 19. Ka1 Be4 20. Be2 exf4
21. Rhe1 fxe3 22. fxe3 Qxe3 23. Nd2 Qxh3 24. Nxe4 dxe4 25. Qxe4 Rxd1+ 26. Bxd1
Qh2 27. a3 a6 28. Rf1 Nd8 29. Rh1 Qf2 30. Qd3 Nc6 31. Rf1 Qb6 32. Qd6+ Ka7 33.
Qh2 Rg7 34. Bf3 Na5 35. Bd5 f6 36. Re1 Rd7 37. c4 Qd4 38. Qc2 Rg7 39. Ka2 h5
40. Rd1 Qe3 41. Qa4 Qb6 42. Re1 Qc5 43. Re2 Rg4 44. b4 Rxc4 45. bxc5 Rxa4 46.
Re7 Kb8 47. Re8+ Kc7 48. Re7+ Kc8 49. Rh7 Rh4 50. Rh8+ Kc7 51. Rh7+ Kb8 52.
Rh8+ Ka7 53. Rh7 Rh2+ 54. Kb1 Rd2 55. Rxh5 Nc6 56. Bxc6 bxc6 57. Rf5 Rd5 58.
Rxf6 Rxc5 59. Kb2 Kb6 60. Rf8 Rb5+ 61. Kc3 Rh5 62. Rb8+ Kc5 63. Ra8 Rh3+ 64.
Kb2 Kb6 65. Rb8+ Kc7 66. Ra8 Kb7 67. Rg8 Rf3 68. Ka2 a5 69. Kb2 Kb6 70. Rg5 Rd3
71. Rh5 a4 72. Rh4 Rb3+ 73. Ka2 Kb5 74. Rh8 Rd3 75. Rb8+ Kc5 76. Ra8 Kb5 77.
Rb8+ Kc5 78. Ra8 Rd4 79. Ra5+ Kb6 80. Ra8 Kb5 81. Rb8+ Kc4 82. Kb2 Rd2+ 83. Kc1
Ra2 84. Rb4+ Kc3 85. Kb1 Rxa3 86. Rh4 c5 87. Rh3+ Kb4 88. Rh4+ c4 89. Rh8 Rg3
90. Rb8+ Kc3 91. Ka2 Rg2+ 92. Ka3 Rg1 93. Ka2 Kd3 94. Rd8+ Kc2 95. Ra8 c3 96.
Rxa4 Kd3 97. Ra8 c2 0-1

[Event "MTO-2021"]
[Site "?"]
[Date "2021.??.??"]
[Round "7.126"]
[White "Pahud Cédric"]
[Black "Gueci Tea"]
[Result "1/2-1/2"]
[WhiteElo "2200"]
[BlackElo "2179"]
[PlyCount "89"]
[EventDate "2021.??.??"]
[WhiteTeam "Schweiz"]
[BlackTeam "Italien"]
[WhiteTeamCountry "SUI"]
[BlackTeamCountry "ITA"]

1. e4 c5 2. Nf3 e6 3. d4 cxd4 4. Nxd4 Nf6 5. Nc3 d6 6. g3 Bd7 7. Bg2 Nc6 8. Nb3
Be7 9. O-O O-O 10. Kh1 a5 11. a4 Nb4 12. Nd4 e5 13. Ndb5 Bg4 14. Ne2 d5 15.
exd5 Nbxd5 16. h3 Be6 17. f4 exf4 18. Nxf4 Nxf4 19. Qxd8 Raxd8 20. Bxf4 Nd5 21.
Bxd5 Bxd5+ 22. Kh2 Bf6 23. c3 Rfe8 24. Rf2 Bc6 25. Bc7 Rd3 26. Nd4 Bxd4 27.
cxd4 Ree3 28. Bf4 Re4 29. Bc7 h5 30. h4 Rexd4 31. Bxa5 g5 32. hxg5 h4 33. Bc7
hxg3+ 34. Bxg3 Rg4 35. Rg1 Bxa4 36. Rf4 Rd2+ 37. Rg2 Rxg2+ 38. Kxg2 Bc6+ 39.
Kf2 Rxg5 40. Rb4 Rf5+ 41. Bf4 Kg7 42. Kg3 Kg6 43. Rd4 Rb5 44. b4 Rd5 45. Rxd5
1/2-1/2